000 00473cam a22001574a 4500
005 20250605164134.0
008 250528s ||||||||||||||||||||||||d
035 _a18689
040 _aGR-AtMCL
_bgre
_dGR-AtMCL
_eAACR2
245 1 _aΤα Γεγονότα του Τύπου και των Μ.Μ.Ε. / Γ' 'Εκδοσις
260 _bΑθήνα,
_c1992
700 1 _aΜιχαλόπουλος Γρηγόρης Α
_94943
942 _cBK
999 _c4020
_d4020